Normal view
MARC view
Entry Personal Name
001 - CONTROL NUMBER
- control field: 5803
003 - CONTROL NUMBER IDENTIFIER
- control field: BD-RjUL
005 - DATE AND TIME OF LATEST TRANSACTION
- control field: 20221112143356.0
008 - FIXED-LENGTH DATA ELEMENTS
- fixed length control field: 221112|| aca||aabn | a|a d
040 ## - CATALOGING SOURCE
- Original cataloging agency: BD-RjUL
- Transcribing agency: BD-RjUL
100 ## - HEADING--PERSONAL NAME
- Personal name: Hussain, Altaf, Supervisor
670 ## - SOURCE DATA FOUND
- Source citation: Work cat.: (BD-RjUL)80757: Mahmood. Nuruddin 5801, Study on immigration of commercially important penaeid shrimp postlarvae in the estuarine area of Chakaria, Cox's Bazar Bangladesh /, 1990